Profit podnikatelský týdeník
| New Title: | Nový profit |
|---|---|
| Previous Title: | Českomoravský profit |
| Format: | Journal |
| Language: | Czech |
| PhysicalDescription: | 21 zv. ilustr. 30 cm |
| Published: |
Praha
Ringier ČR
1998-2010
Praha Stanford |
| ISSN: | 1212-3498 1211-5428 1804-7076 |
| Online Access: | www.profit.cz |
MARC
| LEADER | 00000nas a2200000 a 4500 | ||
|---|---|---|---|
| 001 | vtls008422931 | ||
| 003 | SK-MaSNL | ||
| 005 | 20260221114532.0 | ||
| 008 | 060110d19982010xr wr p 0 b0cze c | ||
| 022 | |a 1212-3498 | ||
| 040 | |a SNK |b slo |c SNK |e AACR2 | ||
| 041 | 0 | |a cze | |
| 044 | |a xr |c CZ | ||
| 245 | 0 | 0 | |a Profit |b podnikatelský týdeník |
| 260 | |a Praha |b Ringier ČR |c 1998-2010 | ||
| 260 | 3 | |3 2000-2010 |a Praha |b Stanford | |
| 300 | |a 21 zv. |b ilustr. |c 30 cm | ||
| 310 | |a 1x týždenne | ||
| 362 | 0 | |a Roč. 9, č. 34 (17.8.1998)-roč. 21, č. 30 (2010) |z NK ČR | |
| 500 | |a Popis podľa: Roč. 17, č. 1 (2006) | ||
| 500 | |a Obsahuje prílohu: Český export | ||
| 500 | |a Časopis od č.31/2010 pokračuje pod názvom Nový profit | ||
| 780 | 0 | 0 | |t Českomoravský profit |x 1211-5428 |
| 785 | 0 | |t Nový profit |x 1804-7076 | |
| 856 | 4 | |u www.profit.cz | |
| 910 | |a snk | ||
| 999 | |c 3898 |d 5828 | ||
| 952 | |0 0 |1 0 |4 0 |7 0 |8 4 |a SNK |b SNK |d 2015-07-08 |i snk2015/21054 |l 0 |o snkČB 5794/18/2007/1 |p 17A1096413 |r 2026-02-21 19:35:12 |t č. 1-12 |w 2026-02-21 |y PREZ | ||
| 952 | |0 0 |1 0 |4 0 |7 0 |8 4 |a SNK |b SNK |d 2015-07-08 |i snk2015/21059 |l 0 |o snkČB 5794/18/2007/2 |p 17A1096414 |r 2026-02-21 19:35:12 |t č. 13-26, neúpl. |w 2026-02-21 |y PREZ |z chýbajú č. 24, 27-53 | ||
| 952 | |0 0 |1 1 |4 0 |7 0 |8 4 |a SNK |b SNK |d 2010-04-23 |i snk2010/8398 |l 0 |o snkČB 5794/19/2008/2 |p 17A0635741 |r 2026-02-21 19:42:59 |t č. 18-34 |w 2026-02-21 |y PREZ | ||
| 952 | |0 0 |1 1 |4 0 |7 0 |8 4 |a SNK |b SNK |d 2010-04-23 |i snk2010/8400 |l 0 |o snkČB 5794/19/2008/3 |p 17A0635742 |r 2026-02-21 19:42:59 |t č. 35-52 |w 2026-02-21 |y PREZ | ||
| 952 | |0 0 |1 1 |4 0 |7 0 |8 4 |a SNK |b SNK |d 2010-04-23 |i snk2010/8404 |l 0 |o snkČB 5794/20/2009/1 |p 17A0617660 |r 2026-02-21 19:42:59 |t č. 1-17 |w 2026-02-21 |y PREZ | ||
| 952 | |0 0 |1 1 |4 0 |7 0 |8 4 |a SNK |b SNK |d 2010-04-23 |i snk2010/8407 |l 0 |o snkČB 5794/20/2009/2 |p 17A0635743 |r 2026-02-21 19:42:59 |t č. 18-34 |w 2026-02-21 |y PREZ | ||
| 952 | |0 0 |1 1 |4 0 |7 0 |8 4 |a SNK |b SNK |d 2010-04-23 |i snk2010/8408 |l 0 |o snkČB 5794/20/2009/3 |p 17A0635744 |r 2026-02-21 19:42:59 |t č. 35-52 |w 2026-02-21 |y PREZ | ||
| 952 | |0 0 |1 1 |4 0 |7 0 |8 4 |a SNK |b SNK |d 2010-04-23 |i snk2010/8368 |l 0 |o snkČB 5794/19/2008/1 |p 17A0635740 |r 2026-02-21 19:43:06 |t č. 1-17 |w 2026-02-21 |y PREZ | ||
| 952 | |0 0 |1 1 |4 0 |7 0 |8 4 |a SNK |b SNK |d 2011-05-27 |i snk2011/12306 |l 0 |o snkČB 5794/21/2010/2 |p 17A0679814 |r 2026-02-21 19:57:30 |t č. 14-27 + príl. |w 2026-02-21 |y PREZ |z + príl. Český export 2,3. | ||
| 952 | |0 0 |1 1 |4 0 |7 0 |8 4 |a SNK |b SNK |d 2011-05-27 |i snk2011/12307 |l 0 |o snkČB 5794/21/2010/3 |p 17A0679815 |r 2026-02-21 19:57:30 |t č. 28-39 + príl. |w 2026-02-21 |y PREZ |z + príl. Český export č. 5,6. Od č. 31- názov Nový profit. | ||
| 952 | |0 0 |1 1 |4 0 |7 0 |8 4 |a SNK |b SNK |d 2008-04-02 |i snk2008/7416 |l 0 |o snkČB 5794/16/2005/2 |p 17A0574822 |r 2026-02-21 21:01:12 |t č. 18-34 |w 2026-02-21 |y PREZ | ||
| 952 | |0 0 |1 1 |4 0 |7 0 |8 4 |a SNK |b SNK |d 2008-04-02 |i snk2008/7417 |l 0 |o snkČB 5794/16/2005/3 |p 17A0574823 |r 2026-02-21 21:01:12 |t č. 35-52 |w 2026-02-21 |y PREZ | ||
| 952 | |0 0 |1 1 |4 0 |7 0 |8 4 |a SNK |b SNK |d 2007-10-05 |i snk2007/21671 |l 0 |o snkČB 5794/17/2006/1 |p 17A0556444 |r 2026-02-21 21:11:51 |t č. 1-17 |w 2026-02-21 |y PREZ | ||
| 952 | |0 0 |1 1 |4 0 |7 0 |8 0 |a SNK |b SNK |d 2007-10-05 |i snk2007/21673 |l 0 |o snkČB 5794/17/2006/2 |p 17A0556445 |r 2026-02-21 21:11:51 |t č. 18-34 |w 2026-02-21 |y PREZ | ||
| 952 | |0 0 |1 1 |4 0 |7 0 |8 0 |a SNK |b SNK |d 2007-10-05 |i snk2007/21675 |l 0 |o snkČB 5794/17/2006/3 |p 17A0556446 |r 2026-02-21 21:11:51 |t č. 35-52 |w 2026-02-21 |y PREZ | ||
| 952 | |0 0 |1 1 |4 0 |7 0 |8 4 |a SNK |b SNK |d 2011-05-27 |i snk2011/12303 |l 0 |o snkČB 5794/21/2010/1 |p 17A0679813 |r 2026-02-21 21:31:56 |t č. 1-13 + príl. |w 2026-02-21 |y PREZ |z + príl. Český export č. 1. | ||
| 952 | |0 0 |1 1 |4 0 |7 0 |8 4 |a SNK |b SNK |d 2008-04-02 |i snk2008/7412 |l 0 |o snkČB 5794/16/2005/1 |p 17A0574821 |r 2026-02-21 21:42:30 |t č. 1-17 |w 2026-02-21 |y PREZ | ||


